[Event "Titled Tuesday intern op 30th Apr Early"]
[Site "Chess.com INT"]
[Date "2024.04.30"]
[Round "9"]
[White "Schoenfeld, Gabriel"]
[Black "Chernov, Alexander A"]
[Result "0-1"]
[WhiteElo "1866"]
[BlackElo "2314"]
[PlyCount "68"]
[EventDate "2024.04.30"]
[EventType "swiss (blitz)"]
[EventRounds "11"]
[EventCountry "USA"]
[SourceTitle "CB19_2024"]
[SourceDate "2024.05.08"]
[SourceVersion "1"]
[SourceVersionDate "2024.05.08"]
[SourceQuality "1"]

1. e4 d6 2. d4 Nf6 3. Nc3 Nbd7 4. Nf3 e5 5. Be2 Be7 6. h3 c6 7. Be3 0-0 8. a4 Qc7 9. 0-0 a5 10. Qd2 Re8 11. Nh4 Nxe4 12. Nxe4 Bxh4 13. dxe5 dxe5 14. Nd6 Rf8 15. Nxc8 Raxc8 16. Bg4 Rcd8 17. Qc3 Be7 18. Rad1 Bb4 19. Qc4 Nb6 20. Qe4 Nd5 21. Bc1 Nf6 22. Qf5 Nxg4 23. Qxg4 f5 24. Qc4+ Qf7 25. Qxf7+ Kxf7 26. c3 Bc5 27. g3 h6 28. h4 Ke6 29. Kg2 Bb6 30. b4 Rxd1 31. Rxd1 Rd8 32. Re1 Rd3 33. Bb2 Rd2 34. Ba1 Rxf2+ 0-1

[Event "Titled Tuesday intern op 30th Apr Early"]
[Site "Chess.com INT"]
[Date "2024.04.30"]
[Round "1"]
[White "Schoenfeld, Gabriel"]
[Black "Ibadov, Dashgyn"]
[Result "0-1"]
[WhiteElo "1866"]
[BlackElo "2376"]
[PlyCount "44"]
[EventDate "2024.04.30"]
[EventType "swiss (blitz)"]
[EventRounds "11"]
[EventCountry "USA"]
[SourceTitle "CB19_2024"]
[SourceDate "2024.05.08"]
[SourceVersion "1"]
[SourceVersionDate "2024.05.08"]
[SourceQuality "1"]

1. e4 e5 2. Nf3 Nc6 3. Bb5 a6 4. Ba4 Nf6 5. d3 b5 6. Bb3 Bc5 7. c3 d6 8. 0-0 Bb6 9. a4 Rb8 10. axb5 axb5 11. h3 0-0 12. Re1 Ne7 13. Nbd2 Ng6 14. Nf1 c5 15. Ng3 Bb7 16. Nf5 c4 17. Bc2 cxd3 18. Bxd3 d5 19. Ng3 dxe4 20. Nxe4 Nxe4 21. Bxe4 Qxd1 22. Rxd1 Bxe4 0-1

[Event "Titled Tuesday intern op 30th Apr Early"]
[Site "Chess.com INT"]
[Date "2024.04.30"]
[Round "10"]
[White "Solovjov, Alexandr"]
[Black "Schoenfeld, Gabriel"]
[Result "1/2-1/2"]
[WhiteElo "2237"]
[BlackElo "1866"]
[PlyCount "105"]
[EventDate "2024.04.30"]
[EventType "swiss (blitz)"]
[EventRounds "11"]
[EventCountry "USA"]
[SourceTitle "CB19_2024"]
[SourceDate "2024.05.08"]
[SourceVersion "1"]
[SourceVersionDate "2024.05.08"]
[SourceQuality "1"]

1. e4 c6 2. d4 d5 3. Nc3 dxe4 4. Nxe4 Nd7 5. Nf3 Ngf6 6. Nxf6+ Nxf6 7. Bd3 Bg4 8. c3 e6 9. h3 Bh5 10. Bg5 Be7 11. Qe2 Qd5 12. Bxf6 Bxf3 13. Qxf3 Qxf3 14. gxf3 gxf6 15. Rg1 Kf8 16. 0-0-0 f5 17. b4 Rg8 18. Kc2 Rxg1 19. Rxg1 a5 20. Kb3 axb4 21. cxb4 Bf6 22. Rd1 Rd8 23. Bc4 Rxd4 24. Rxd4 Bxd4 25. a4 Bxf2 26. b5 cxb5 27. Bxb5 Ke7 28. Kc4 Kd6 29. Be8 f6 30. Bf7 e5 31. Bg8 h6 32. Bh7 f4 33. Bf5 b6 34. Bg4 Ke7 35. Bf5 Kf7 36. Kd5 Bc5 37. Kc6 Be3 38. Kd5 Bc5 39. Kc6 Ke7 40. Kd5 Bf2 41. Kc6 h5 42. Kd5 h4 43. Kc6 Kd8 44. Kd6 Bd4 45. Be4 Kc8 46. Ke6 Kb8 47. Kxf6 Ka7 48. Kg5 Bf2 49. Kf5 Bd4 50. Kg4 Bf2 51. Kf5 Bd4 52. Kg4 Bf2 53. Kf5 1/2-1/2

[Event "Framingham op"]
[Site "Framingham"]
[Date "1987.09.19"]
[Round "1"]
[White "Schoenfeld, Gabriel"]
[Black "Bauer, Rick"]
[Result "0-1"]
[WhiteElo "2136"]
[BlackElo "2410"]
[PlyCount "52"]
[EventDate "1987.09.19"]
[EventType "swiss"]
[EventRounds "4"]
[EventCountry "USA"]
[SourceTitle "EXT 2023"]
[Source "ChessBase"]
[SourceDate "2022.10.05"]
[SourceVersion "1"]
[SourceVersionDate "2022.10.05"]
[SourceQuality "1"]

1. d4 Nf6 2. Nf3 e6 3. Bg5 c5 4. e3 Qb6 5. Nbd2 d5 6. c4 Ne4 7. Bd3 Nxg5 8. Nxg5 cxd4 9. Qf3 dxe3 10. fxe3 Bb4 11. Qxf7+ Kd8 12. 0-0-0 Qxe3 13. Qxg7 Rf8 14. Nf7+ Rxf7 15. Qxf7 Qxd3 16. cxd5 Qg6 17. Qf4 Na6 18. Nc4 Bd7 19. dxe6 Qxe6 20. Rhf1 Rc8 21. Qg5+ Be7 22. Rf8+ Kc7 23. Qf4+ Kc6 24. Rf7 Bg5 25. Qxg5 Qxc4+ 26. Kb1 Qxf7 0-1